Terrorismo y revolución

Sábháilte in:
Sonraí bibleagrafaíochta
Príomhchruthaitheoir: Montero Mejía, Alvaro
Formáid: Téacs
Foilsithe / Cruthaithe: San José: Ediciones Pensamiento Revolucionario
Clibeanna: Cuir clib leis
Níl clibeanna ann, Bí ar an gcéad duine le clib a chur leis an taifead seo!

MARC

LEADER 00000 a a2200000 04500
001 20815
003
040
090 |a 088900  
100 |a Montero Mejía, Alvaro  
245 |a Terrorismo y revolución  
260 |a San José:   |b Ediciones Pensamiento Revolucionario  
300 |a 80 p.  
999 |c 9132  |d 9132